ARRUPE JESUIT UNIVERSITY

CORONAVIRUS -STOP THE SPREAD - CLEAN,DISINFECT,COVER

Jeremiah (Record no. 12639)

MARC details
000 -LEADER
fixed length control field 00554nam a2200241Ia 4500
003 - CONTROL NUMBER IDENTIFIER
control field 0100
008 - FIXED-LENGTH DATA ELEMENTS--GENERAL INFORMATION
fixed length control field 130303s9999 xx 000 0 und d
020 ## - INTERNATIONAL STANDARD BOOK NUMBER
International Standard Book Number 664218350
040 ## - CATALOGING SOURCE
Transcribing agency ARRUPELIB
050 ## - LIBRARY OF CONGRESS CALL NUMBER
Classification number BS1525.3.C371986
300 ## - PHYSICAL DESCRIPTION
Other physical details 23 cm
100 ## - MAIN ENTRY--PERSONAL NAME
Personal name Carroll, Robert P
245 ## - TITLE STATEMENT
Title Jeremiah
245 ## - TITLE STATEMENT
Remainder of title a commentary
250 ## - EDITION STATEMENT
Edition statement 1st American
260 ## - PUBLICATION, DISTRIBUTION, ETC. (IMPRINT)
Place of publication, distribution, etc Philadelphia
260 ## - PUBLICATION, DISTRIBUTION, ETC. (IMPRINT)
Name of publisher, distributor, etc Westminster Press
260 ## - PUBLICATION, DISTRIBUTION, ETC. (IMPRINT)
-- 1986
300 ## - PHYSICAL DESCRIPTION
Extent 874 p.
440 ## - SERIES STATEMENT/ADDED ENTRY--TITLE
Title The Old Testament library
700 ## - ADDED ENTRY--PERSONAL NAME
Personal name Robert P. Carroll
942 00 - ADDED ENTRY ELEMENTS (KOHA)
Koha issues (borrowed), all copies 3
Holdings
Withdrawn status Lost status Source of classification or shelving scheme Damaged status Not for loan Collection code Home library Current library Shelving location Date acquired Total Checkouts Full call number Barcode Date last seen Date checked out Copy number Price effective from Koha item type
    Library of Congress Classification     Main Collection ARRUPE LIBRARY ARRUPE LIBRARY   04/03/2013 4 BS1525.3.C371986 46003090075 28/02/2017 18/02/2017 1 04/03/2013 Monograph ( Printed materials)

 

Arrupe Library. PO Box MP320 Mt Pleasant, Harare, Zimbabwe
263 242 745411|librarian@aju.ac.zw